| Tag |
First Indicator |
Second Indicator |
Subfields |
| LEADER |
00000pam a2200000 i 4500 |
| 001 |
in00000665246 |
| 005 |
20151015080213.0 |
| 008 |
790129s1979 dcu b 00110 eng |
| 010 |
|
|
|a 79000999
|
| 020 |
|
|
|a 047026702X
|
| 035 |
|
|
|a (OCoLC)04664513
|
| 035 |
|
|
|9 ACX6044AM
|
| 040 |
|
|
|a DLC
|c DLC
|d TXA
|d UtOrBLW
|
| 041 |
1 |
|
|a eng
|a rus
|
| 049 |
|
|
|a TXAM
|c [1384544]
|
| 050 |
0 |
0 |
|a HD30.23
|b .M5713
|
| 082 |
0 |
|
|a 658.4/03
|
| 100 |
1 |
|
|a Mirkin, B. G.
|q (Boris Grigorʹevich)
|
| 240 |
1 |
0 |
|a Problema gruppovogo vybora. English
|
| 245 |
1 |
0 |
|a Group choice /
|c Boris G. Mirkin ; translated by Yelena Oliker ; edited by Peter C. Fishburn.
|
| 264 |
|
2 |
|a Washington, D.C. :
|b V. H. Winston ; distributed by Halsted Press,
|c 1979.
|
| 300 |
|
|
|a xxx, 252 pages ;
|c 23 cm.
|
| 336 |
|
|
|a text
|b txt
|2 rdacontent
|
| 337 |
|
|
|a unmediated
|b n
|2 rdamedia
|
| 338 |
|
|
|a volume
|b nc
|2 rdacarrier
|
| 490 |
1 |
|
|a Scripta series in mathematics
|
| 500 |
|
|
|a "A Halsted Press book."
|
| 500 |
|
|
|a Translation of Problema gruppovogo vybora.
|
| 504 |
|
|
|a Includes bibliographical references and index.
|
| 650 |
|
0 |
|a Group decision making
|x Mathematical models.
|
| 700 |
1 |
|
|a Fishburn, Peter C.
|
| 830 |
|
0 |
|a Scripta series in mathematics.
|
| 999 |
|
|
|a MARS
|
| 999 |
f |
f |
|s 0e171a2b-1e67-3672-af8d-fb0048ce1bfd
|i f2613ab0-38ee-3a47-8f8b-5ed3d4fd8567
|t 0
|
| 952 |
f |
f |
|p ric
|a Texas A&M University
|b Rellis Campus
|c Joint Library Facility
|s JLF
|d Remote Storage
|t 0
|e HD30.23 .M5713
|h Library of Congress classification
|i unmediated -- volume
|m A14802611545
|
| 998 |
f |
f |
|a HD30.23 .M5713
|t 0
|l Remote Storage
|